[Event "Harburg-ch Gruppe A"]
[Site "Hamburg"]
[Date "2010.08.20"]
[Round "1"]
[White "Franke, Lutz"]
[Black "Borgmeyer, Max"]
[Result "1/2-1/2"]
[WhiteElo "2111"]
[BlackElo "2085"]
[PlyCount "124"]
[EventDate "2010.08.20"]
[EventType "tourn"]
[EventRounds "5"]
[EventCountry "GER"]
[SourceDate "2010.08.20"]

1. d4 Nf6 2. c4 e6 3. Nc3 Bb4 4. e3 Nc6 5. Nge2 e5 6. d5 Ne7 7. a3 Bxc3+ 8.
Nxc3 d6 9. e4 O-O 10. Be2 Ne8 11. O-O f5 12. f4 Ng6 13. g4 Nxf4 14. Bxf4 exf4
15. gxf5 g6 16. fxg6 hxg6 17. Kh1 Qf6 18. Bg4 Ng7 19. Rf2 Qh4 20. Rg2 Kh7 21.
Qf3 Nh5 22. Bxc8 Raxc8 23. Rg4 Qf6 24. Rag1 Rg8 25. Rg5 Rcf8 26. e5 dxe5 27.
Ne4 Qf7 28. Rxe5 Kh6 29. Ng5 Qf6 30. Re6 Qf5 31. Ne4 Re8 32. Nc5 (32. Rg5 Qxg5
33. Nxg5 Kxg5 34. Qe4) 32... Rxe6 33. Nxe6 g5 (33... Ng3+ 34. Kg2 Qc2+ 35. Qf2
(35. Kh3 g5) 35... Qe4+ 36. Qf3 Qc2+) 34. h3 Qc2 35. Nd4 Qg6 36. Re1 Ng3+ 37.
Kh2 Re8 38. Rxe8 Qxe8 39. Ne6 Qf7 40. h4 gxh4 41. Qg4 Qf6 42. Nxf4 Qxb2+ 43.
Ng2 Nh5 44. Qxh4 Qxa3 45. Qd4 Qg3+ 46. Kh1 a5 47. c5 Qg7 48. Qd2+ Qg5 49. Qxa5
Qxd5 50. Qxc7 Nf6 51. Qf4+ Kg7 52. Qc7+ Nd7 53. Kh2 Qh5+ 54. Kg3 Qg5+ 55. Kh3
Qf5+ 56. Kg3 Qg6+ 57. Kf3 Qc6+ 58. Qxc6 bxc6 59. Ke4 Nxc5+ 60. Ke5 Nb7 61. Ke6
c5 62. Kd5 Kf7 1/2-1/2

[Event "Harburg-ch Gruppe A"]
[Site "Hamburg"]
[Date "2010.08.20"]
[Round "1"]
[White "Schroeder, Christoph"]
[Black "Reck, Moritz"]
[Result "1/2-1/2"]
[WhiteElo "2250"]
[BlackElo "2173"]
[PlyCount "70"]
[EventDate "2010.08.20"]
[EventType "tourn"]
[EventRounds "5"]
[EventCountry "GER"]
[SourceDate "2010.08.20"]

1. d4 g6 2. e4 Bg7 3. c3 d6 4. Bg5 Nf6 5. Bd3 O-O 6. Nf3 h6 7. Bh4 Nc6 8. d5
Nb8 9. c4 c6 10. Nc3 Qb6 11. Qd2 Nbd7 12. O-O Re8 13. Rfe1 g5 14. Bg3 Nh5 15.
Rab1 Nxg3 16. hxg3 Ne5 17. Nxe5 Bxe5 18. Kh2 Qc7 19. f4 Bf6 20. Qe2 gxf4 21.
gxf4 e5 22. f5 Kh7 23. Rf1 Rg8 24. Rf3 Bd7 25. Rh3 Bg5 26. b4 Rg7 27. dxc6 bxc6
28. b5 Rag8 29. g3 f6 30. Qf2 Rb8 31. Kg2 Qb6 32. bxc6 Qxf2+ 33. Kxf2 Rxb1 34.
Bxb1 Bxc6 35. Rh1 Bd2 1/2-1/2

[Event "Harburg-ch Gruppe A"]
[Site "Hamburg"]
[Date "2010.08.20"]
[Round "1"]
[White "Reddmann, Hauke"]
[Black "Bracker, Arne"]
[Result "1-0"]
[WhiteElo "2287"]
[BlackElo "2178"]
[PlyCount "71"]
[EventDate "2010.08.20"]
[EventType "tourn"]
[EventRounds "5"]
[EventCountry "GER"]
[SourceDate "2010.08.20"]

1. d4 Nf6 2. Bg5 e6 3. e4 h6 4. Bxf6 Qxf6 5. Nc3 Bb4 6. Nge2 c5 7. a3 Bxc3+ 8.
Nxc3 cxd4 9. Nb5 Qf4 10. Qxd4 O-O 11. Nd6 f5 12. g3 Qf3 13. Rg1 Nc6 14. Qd2
fxe4 15. Bg2 Ne5 16. Qe2 Qxe2+ 17. Kxe2 Nf3 18. Rgd1 b6 19. h3 Ba6+ 20. Ke3 e5
21. c3 Ng5 22. c4 Rad8 23. Rac1 Ne6 24. Bxe4 Nd4 25. Bd5+ Kh7 26. f4 Nb3 27.
Rc3 exf4+ 28. gxf4 Nc5 29. b4 Ne6 30. f5 Ng5 31. h4 Rf6 32. hxg5 Rxd6 33. Bg8+
Kxg8 34. Rxd6 hxg5 35. Kf3 Bb7+ 36. Kg4 1-0

[Event "Harburg-ch Gruppe A"]
[Site "Hamburg"]
[Date "2010.08.21"]
[Round "2"]
[White "Borgmeyer, Max"]
[Black "Bracker, Arne"]
[Result "1-0"]
[WhiteElo "2085"]
[BlackElo "2178"]
[PlyCount "75"]
[EventDate "2010.08.20"]
[EventType "tourn"]
[EventRounds "5"]
[EventCountry "GER"]
[SourceDate "2010.08.20"]

1. e4 e6 2. d4 d5 3. Nc3 Bb4 4. e5 c5 5. a3 Bxc3+ 6. bxc3 Qc7 7. Nf3 Ne7 8. Bd3
Bd7 9. Bd2 c4 10. Bf1 Ba4 11. h4 Nbc6 12. h5 h6 13. Nh4 O-O-O 14. g3 Qd7 15.
Bh3 Qe8 16. f4 Kb8 17. O-O Qg8 18. f5 exf5 19. Nxf5 Nxf5 20. Bxf5 g6 21. hxg6
Ne7 22. Qg4 h5 23. gxf7 Qxf7 24. Qf4 Qxf5 25. Qxf5 Nxf5 26. Rxf5 Bxc2 27. Rg5
h4 28. Rf1 hxg3 29. Rxg3 Be4 30. Rf7 Rh1+ 31. Kf2 Rdh8 32. e6 Bd3 33. Bf4+ Kc8
34. Rgg7 Rf1+ 35. Kg2 Rxf4 36. Rxf4 Be4+ 37. Kg3 Re8 38. Rff7 1-0

[Event "Harburg-ch Gruppe A"]
[Site "Hamburg"]
[Date "2010.08.21"]
[Round "2"]
[White "Reck, Moritz"]
[Black "Reddmann, Hauke"]
[Result "0-1"]
[WhiteElo "2173"]
[BlackElo "2287"]
[PlyCount "66"]
[EventDate "2010.08.20"]
[EventType "tourn"]
[EventRounds "5"]
[EventCountry "GER"]
[SourceDate "2010.08.20"]

1. g3 d5 2. Bg2 c6 3. d3 e5 4. Nd2 f5 5. e4 Nf6 6. Ngf3 Bd6 7. O-O O-O 8. d4
fxe4 9. dxe5 exf3 10. Nxf3 Bc5 11. exf6 Qxf6 12. Qd2 Bg4 13. Ne1 Nd7 14. h3 Bf5
15. Kh2 Ne5 16. Bxd5+ cxd5 17. Qxd5+ Be6 18. Qxc5 Qf5 19. Qe7 Qxh3+ 20. Kg1 Rf7
(20... Bc4) 21. Qh4 Qxh4 22. gxh4 Bh3 23. f4 Bxf1 24. Kxf1 Rd8 25. Ke2 Ng6 26.
Ng2 Rc7 27. c3 Re7+ 28. Be3 Rde8 29. Rg1 Nxh4 30. Nxh4 Rxe3+ 31. Kd1 Rf8 32.
Rf1 Re4 33. Ng2 Rd8+ 0-1

[Event "Harburg-ch Gruppe A"]
[Site "Hamburg"]
[Date "2010.08.21"]
[Round "2"]
[White "Franke, Lutz"]
[Black "Schroeder, Christoph"]
[Result "1/2-1/2"]
[WhiteElo "2111"]
[BlackElo "2250"]
[PlyCount "134"]
[EventDate "2010.08.20"]
[EventType "tourn"]
[EventRounds "5"]
[EventCountry "GER"]
[SourceDate "2010.08.20"]

1. d4 d5 2. c4 e6 3. Nc3 c5 4. cxd5 cxd4 5. Qxd4 Nc6 6. Qd1 exd5 7. Qxd5 Bd6 8.
Bg5 Nge7 9. Qd2 h6 10. Bh4 Qb6 11. f3 Be6 12. Bf2 Bc5 13. Bxc5 Qxc5 14. Ne4 Qb6
15. Nd6+ Kf8 16. e4 Rd8 17. Rd1 Bxa2 18. Qc3 Bb3 19. Rd2 Na5 20. Nf5 Nxf5 21.
Rxd8+ Qxd8 22. exf5 Qd1+ 23. Kf2 Qc2+ 24. Ne2 Nc6 25. g4 Qxc3 26. Nxc3 Ke7 27.
Bb5 Rd8 28. Ne4 Nd4 29. Re1 Nxb5 30. Nc3+ Kf8 31. Nxb5 Rd2+ 32. Kg3 a6 33. Nc7
Kg8 34. Re8+ Kh7 35. Rb8 Rxb2 36. Rxb7 a5 37. Na6 Rb1 38. Rb5 a4 39. Nc5 a3 40.
Nxb3 a2 41. Ra5 Rxb3 42. Rxa2 f6 43. Ra8 Rb1 44. h4 Rg1+ 45. Kh2 Rb1 46. Ra4
Kg8 47. Kg3 Kf7 48. g5 fxg5 49. hxg5 hxg5 50. Ra6 Rg1+ 51. Kh3 Ke7 52. Rg6 Kf7
53. Kh2 Ra1 54. Kg3 Rg1+ 55. Kh2 Ra1 56. Kg3 Rg1+ 57. Kf2 Ra1 58. Rxg5 Kf6 59.
Rg6+ Kxf5 60. Rxg7 Ra3 61. Kg3 Ra4 62. Rf7+ Kg6 63. Rb7 Kf5 64. Rb5+ Kf6 65. f4
Ra1 66. Rb6+ Kf5 67. Rb5+ Kf6 1/2-1/2

[Event "Harburg-ch Gruppe A"]
[Site "Hamburg"]
[Date "2010.08.21"]
[Round "3"]
[White "Schroeder, Christoph"]
[Black "Borgmeyer, Max"]
[Result "1/2-1/2"]
[WhiteElo "2250"]
[BlackElo "2085"]
[PlyCount "137"]
[EventDate "2010.08.20"]
[EventType "tourn"]
[EventRounds "5"]
[EventCountry "GER"]
[SourceDate "2010.08.20"]

1. d4 Nf6 2. Nf3 e6 3. e3 c5 4. Bd3 b6 5. O-O Bb7 6. c4 Be7 7. Nc3 cxd4 8. exd4
d5 9. cxd5 Nxd5 10. Bb5+ Bc6 11. Bxc6+ Nxc6 12. Qa4 Qd7 13. Nxd5 Qxd5 14. Be3
O-O 15. Rfd1 b5 16. Qb3 Qxb3 17. axb3 Rfd8 18. Rdc1 Nb4 19. Kf1 a6 20. Ne5 Rac8
21. Rxc8 Rxc8 22. Bd2 f6 23. Bxb4 Bxb4 24. Nd3 a5 25. Rc1 Rxc1+ 26. Nxc1 Kf7
27. Ke2 Ke7 28. Na2 Bd6 29. Nc3 b4 30. Ne4 Bc7 31. g3 Kd7 32. Kd3 Kc6 33. Kc4
Bb6 34. f4 Ba7 35. h3 Bb6 36. g4 f5 37. Ng5 Kd6 38. Nxh7 Bd8 39. g5 Ke7 40. Kd3
Kf7 41. h4 g6 42. Nf6 Bxf6 43. gxf6 Kxf6 44. Kc4 Ke7 45. d5 Kd6 46. dxe6 Kxe6
47. Kc5 Ke7 48. Kb5 Kd6 49. Kxa5 Kd5 50. Kxb4 Ke4 51. Kc5 Kxf4 52. b4 Ke3 53.
b5 f4 54. b6 f3 55. b7 f2 56. b8=Q f1=Q 57. Qe5+ Kd2 58. Qd4+ Ke1 59. b4 Qf8+
60. Kc4 Qc8+ 61. Kd3 Qa6+ 62. Qc4 Qd6+ 63. Ke4 Qe7+ 64. Kf3 Qf6+ 65. Qf4 Qb2
66. Qe3+ Kf1 67. Qd3+ Ke1 68. Qe3+ Kf1 69. Qd3+ 1/2-1/2

[Event "Harburg-ch Gruppe A"]
[Site "Hamburg"]
[Date "2010.08.21"]
[Round "3"]
[White "Bracker, Arne"]
[Black "Reck, Moritz"]
[Result "1-0"]
[WhiteElo "2178"]
[BlackElo "2173"]
[PlyCount "123"]
[EventDate "2010.08.20"]
[EventType "tourn"]
[EventRounds "5"]
[EventCountry "GER"]
[SourceDate "2010.08.20"]

1. d4 g6 2. e4 Bg7 3. Nc3 d6 4. f4 Nf6 5. Nf3 O-O 6. Bd3 Nc6 7. e5 dxe5 8. fxe5
Nd5 9. Nxd5 Qxd5 10. c3 Bg4 11. Qe2 e6 12. O-O Rae8 13. Bc4 Qd7 14. h3 Bxf3 15.
Rxf3 Nxd4 16. cxd4 Qxd4+ 17. Kh1 Qxe5 18. Qxe5 Bxe5 19. Bh6 Bg7 20. Bxg7 Kxg7
21. Rd1 Re7 22. Rb3 c6 23. Rbd3 f5 24. Rd7 Rff7 25. Rd8 g5 26. Re1 Rf6 27. Re5
h6 28. Kg1 f4 29. Kf2 Kf7 30. Kf3 Rc7 31. Rd6 Re7 32. a4 Re8 33. Bb3 Re7 34.
Kg4 Re8 35. Re4 Re7 36. Rexe6 Rexe6 37. Rxe6 Kg6 38. Re7 h5+ 39. Kf3 Rd6 40.
Rxb7 Rd3+ 41. Ke2 Re3+ 42. Kf2 g4 43. hxg4 hxg4 44. Bd1 g3+ 45. Kf1 Kf5 46. Rb3
Re7 47. Rc3 Rc7 48. Bf3 c5 49. b4 c4 50. b5 Ke5 51. Ke2 Kd4 52. Kd2 Rd7 53. Bc6
Rd6 54. Rf3 Rd8 55. Kc2 Rf8 56. a5 Rf6 57. a6 Kc5 58. Kc3 Rf7 59. Rf1 Rf8 60.
Rd1 Rf5 61. Rd4 f3 62. gxf3 1-0

[Event "Harburg-ch Gruppe A"]
[Site "Hamburg"]
[Date "2010.08.22"]
[Round "4"]
[White "Borgmeyer, Max"]
[Black "Reck, Moritz"]
[Result "1/2-1/2"]
[WhiteElo "2085"]
[BlackElo "2173"]
[PlyCount "84"]
[EventDate "2010.08.20"]
[EventType "tourn"]
[EventRounds "5"]
[EventCountry "GER"]
[SourceDate "2010.08.20"]

1. e4 g6 2. d4 Bg7 3. Nc3 d6 4. Be3 Nc6 5. Bc4 e5 6. Nge2 exd4 7. Nxd4 Nf6 8.
f3 O-O 9. Qd2 a6 10. Nxc6 bxc6 11. O-O-O Qe7 12. Bh6 Be6 13. Bxg7 Kxg7 14. Bxe6
fxe6 15. g4 e5 16. h4 Nd7 17. Rdf1 h6 18. Ne2 Qe6 19. Kb1 Rab8 20. f4 exf4 21.
Nxf4 Qe5 22. Nd3 Qd4 23. Qa5 Rxf1+ 24. Rxf1 Rb6 25. b3 Nf6 26. Nf4 Qc4 27. Re1
Qb4 28. Ne6+ Kf7 29. Nd8+ Ke8 30. Qxb4 Rxb4 31. Nxc6 Rxe4 32. Rxe4+ Nxe4 33.
Nb8 g5 34. hxg5 hxg5 35. Nxa6 Kd7 36. Nb4 Nf2 37. Kc1 Nxg4 38. Kd2 c5 39. Nd3
Kc6 40. a4 Kd5 41. Ke1 c4 42. Nb2 cxb3 1/2-1/2

[Event "Harburg-ch Gruppe A"]
[Site "Hamburg"]
[Date "2010.08.22"]
[Round "4"]
[White "Franke, Lutz"]
[Black "Bracker, Arne"]
[Result "0-1"]
[WhiteElo "2111"]
[BlackElo "2178"]
[PlyCount "86"]
[EventDate "2010.08.20"]
[EventType "tourn"]
[EventRounds "5"]
[EventCountry "GER"]
[SourceDate "2010.08.20"]

1. d4 Nf6 2. c4 g6 3. Nc3 Bg7 4. e4 d6 5. Be2 O-O 6. Nf3 e5 7. O-O Nc6 8. d5
Ne7 9. Bg5 (9. b4) (9. Ne1) 9... Nh5 10. Ne1 Nf4 11. Nd3 Nxe2+ 12. Qxe2 h6 13.
Be3 g5 14. c5 f5 15. f3 f4 16. Bf2 h5 17. Rfc1 Ng6 18. cxd6 cxd6 19. Nb5 Rf7
20. Nxa7 Bd7 21. a4 g4 22. Nb5 g3 23. hxg3 fxg3 24. Bxg3 Qg5 25. Bf2 Bxb5 26.
axb5 Raf8 27. Kf1 Bh6 28. Re1 Kh7 29. Be3 Qg3 30. Bxh6 Rxf3+ 31. gxf3 Rxf3+ 32.
Qxf3 Qxf3+ 33. Nf2 Kxh6 34. Ra3 Qf7 35. b6 Nf4 36. Ree3 h4 37. Rf3 Qg6 38. Rae3
Kh5 39. Nh3 Qg2+ 40. Ke1 Nxh3 41. Rxh3 Qxb2 42. Rb3 Qc1+ 43. Ke2 Qc2+ 0-1

[Event "Harburg-ch Gruppe A"]
[Site "Hamburg"]
[Date "2010.08.22"]
[Round "5"]
[White "Bracker, Arne"]
[Black "Schroeder, Christoph"]
[Result "0-1"]
[WhiteElo "2178"]
[BlackElo "2250"]
[PlyCount "62"]
[EventDate "2010.08.20"]
[EventType "tourn"]
[EventRounds "5"]
[EventCountry "GER"]
[SourceDate "2010.08.20"]

1. d4 d5 2. c4 e6 3. Nf3 c6 4. e3 f5 5. Bd3 Nf6 6. O-O Bd6 7. b3 Qe7 8. Bb2 O-O
9. Qc1 b6 10. Ba3 Bb7 11. Bxd6 Qxd6 12. Nc3 Ne4 13. Ne2 c5 14. cxd5 Bxd5 15.
Nf4 Nd7 16. Rd1 Rac8 17. Nxd5 exd5 18. dxc5 bxc5 19. Qb2 Ndf6 20. Rac1 f4 21.
exf4 Qxf4 22. Bxe4 dxe4 23. Qe5 Ng4 24. Qd5+ Kh8 25. Rc4 Ne3 26. fxe3 Qxe3+ 27.
Kh1 exf3 28. gxf3 h6 29. Rdc1 Rxf3 30. Rxc5 Rxc5 31. Qxc5 Rf1+ 0-1

[Event "Harburg-ch Gruppe A"]
[Site "Hamburg"]
[Date "2010.08.22"]
[Round "5"]
[White "Reck, Moritz"]
[Black "Franke, Lutz"]
[Result "0-1"]
[WhiteElo "2173"]
[BlackElo "2111"]
[PlyCount "104"]
[EventDate "2010.08.20"]
[EventType "tourn"]
[EventRounds "5"]
[EventCountry "GER"]
[SourceDate "2010.08.20"]

1. g3 f5 2. Bg2 Nf6 3. d3 e5 4. Nc3 Bb4 5. a3 Bxc3+ 6. bxc3 d5 7. Nf3 Nc6 8.
O-O O-O 9. Bb2 e4 10. Nd2 Re8 11. e3 Be6 12. Qe2 Bf7 13. Rfe1 Ne5 14. Qf1 Qd7
15. c4 dxc4 16. Bxe5 Rxe5 17. d4 Rb5 18. Nxc4 Qc6 19. Ne5 Rxe5 20. dxe5 Bc4 21.
Re2 Qa6 22. exf6 Bxe2 23. Qe1 Qxf6 24. Rb1 Ba6 25. Qb4 Rd8 26. Qc5 Rd7 27. Bf1
Bxf1 28. Rxb7 Bh3 29. Rb8+ Kf7 30. Rf8+ Kg6 31. Rxf6+ gxf6 32. f4 exf3 33. Qc4
Rd1+ 34. Kf2 Rd2+ 35. Ke1 f2+ 36. Kxd2 f1=Q 37. Qg8+ Kh6 38. Qf8+ Kh5 39. Qf7+
Kg4 40. Qxh7 Kf3 41. Qxc7 Qe2+ 42. Kc3 Qxe3+ 43. Kb4 Kg2 44. c4 Kxh2 45. c5
Qxg3 46. Qh7 f4 47. c6 f3 48. c7 Qd6+ 49. Kb3 Qe6+ 50. Kb2 f2 51. Qc2 Kg1 52.
Qc5 Qb6+ 0-1

[Event "Harburg-ch Gruppe B"]
[Site "Hamburg"]
[Date "2010.08.20"]
[Round "1"]
[White "Martin Sommerfeldt, Luis"]
[Black "Schmidt, Jade"]
[Result "0-1"]
[WhiteElo "2028"]
[BlackElo "2028"]
[PlyCount "88"]
[EventDate "2010.08.20"]
[EventType "tourn"]
[EventRounds "5"]
[EventCountry "GER"]
[SourceDate "2010.08.20"]

1. Nf3 d5 2. b3 c5 3. e3 Nc6 4. Bb2 Nf6 5. Be2 e6 6. O-O Be7 7. d4 O-O 8. c4
cxd4 9. exd4 b6 10. Nbd2 Bb7 11. Bd3 Nb4 12. Bb1 Rc8 13. a3 Nc6 14. Qe2 Na5 15.
Ne5 Nxb3 16. Nxb3 dxc4 17. Nxc4 Qd5 18. Ne3 Qxb3 19. Bc2 Ba6 20. Qd2 Rxc2 21.
Qxc2 Qxc2 22. Nxc2 Bxf1 23. Kxf1 Rc8 24. Ne1 Nd5 25. g3 Kf8 26. h4 Ke8 27. Rd1
Kd7 28. Rd3 Rc4 29. Ke2 b5 30. Kd1 a5 31. Nf3 f6 32. Nd2 Rc7 33. Nb1 b4 34.
axb4 axb4 35. Bc1 Kc6 36. Bb2 Kb5 37. Nd2 Nc3+ 38. Ke1 Na4 39. Rb3 Rc2 40. Ba3
Ka5 41. Bb2 Nxb2 42. Rxb2 Rxb2 43. Nc4+ Ka4 44. Nxb2+ Ka3 0-1

[Event "Harburg-ch Gruppe B"]
[Site "Hamburg"]
[Date "2010.08.20"]
[Round "1"]
[White "Kemeny, Matthias"]
[Black "Schiele, Lars"]
[Result "1/2-1/2"]
[WhiteElo "2044"]
[BlackElo "2043"]
[PlyCount "127"]
[EventDate "2010.08.20"]
[EventType "tourn"]
[EventRounds "5"]
[EventCountry "GER"]
[SourceDate "2010.08.20"]

1. e4 e5 2. Nf3 Nc6 3. Bb5 a6 4. Ba4 Nf6 5. O-O b5 6. Bb3 Bc5 7. c3 d5 8. exd5
Nxd5 9. d4 exd4 10. cxd4 Bb6 11. Re1+ Be6 12. Nc3 (12. Bg5 Qd7 13. Bxd5 Qxd5
14. Nc3 Qf5 15. d5) 12... O-O 13. Ng5 Nxd4 14. Qh5 Nf6 15. Nxe6 fxe6 (15...
Nxh5 16. Nxd8 Nxb3 17. axb3 Rfxd8) 16. Qh3 Nxb3 17. axb3 e5 18. Be3 Bd4 19.
Rad1 b4 20. Ne2 c5 21. Bxd4 exd4 22. Nf4 Re8 23. Ne6 Qd6 24. Qf5 Rac8 25. g4
Rc6 26. Ng5 Qd8 27. Re6 Rexe6 28. Nxe6 Qd5 (28... Qd7) 29. Qxd5 Nxd5 30. Re1 h6
31. g5 d3 32. Nd8 Rd6 33. Nb7 Rg6 34. Nxc5 Rxg5+ 35. Kf1 Nf4 36. Ne4 Rd5 (36...
Rg2) 37. Ra1 a5 38. f3 Kf7 39. Kf2 d2 (39... g5) 40. Rd1 Nd3+ 41. Ke3 Nxb2 42.
Rxd2 Rxd2 43. Kxd2 a4 44. bxa4 Nxa4 45. Kc2 Nb6 46. Kb3 Nd5 47. Kc4 Ke6 48.
Nc5+ Kd6 49. Kd4 Ne7 50. Ne4+ Ke6 51. Kc4 Kf5 52. Kxb4 Kf4 53. Nd2 Ke3 (53...
Nc6+ 54. Kc3 Ne5) 54. Kc3 g5 55. Kc2 Nd5 (55... Nf5) 56. Kd1 Nc3+ 57. Ke1 Nb5
58. Nc4+ Kxf3 59. Ne5+ Kg2 60. Nf7 Nd4 61. Nxh6 Nf3+ 62. Ke2 Nxh2 63. Ke3 Kg3
64. Nf7 1/2-1/2

[Event "Harburg-ch Gruppe B"]
[Site "Hamburg"]
[Date "2010.08.20"]
[Round "1"]
[White "Ramme, Christoph"]
[Black "Juergens, Bernhard"]
[Result "1-0"]
[WhiteElo "2062"]
[BlackElo "2119"]
[PlyCount "78"]
[EventDate "2010.08.20"]
[EventType "tourn"]
[EventRounds "5"]
[EventCountry "GER"]
[SourceDate "2010.08.20"]

1. d4 f5 2. Nc3 Nf6 3. Bg5 d5 4. e3 e6 5. Nf3 Bd6 6. Nb5 Bb4+ 7. c3 Be7 8. Bf4
Na6 9. c4 c6 10. Nc3 Qa5 11. a3 Ne4 12. Qb3 O-O 13. Bd3 Nb4 14. Be2 dxc4 15.
Bxc4 Nd5 16. Rc1 Nexc3 17. bxc3 Qxa3 18. O-O Qxb3 19. Bxb3 Nxf4 20. exf4 Bf6
21. Rfe1 Kf7 22. Re2 Bd7 23. c4 c5 24. d5 Rfe8 25. Ne5+ Bxe5 26. fxe5 a6 27. f4
Rec8 28. Ra2 Ke7 29. Rb1 b5 30. d6+ Kf7 31. Rba1 Bc6 32. Rxa6 b4 33. Kf2 Bb7
34. Ra7 Rxa7 35. Rxa7 Rb8 36. Ke3 Ke8 37. g3 Kd7 38. Ba4+ Kc8 39. Ra5 Ra8 1-0

[Event "Harburg-ch Gruppe B"]
[Site "Hamburg"]
[Date "2010.08.21"]
[Round "2"]
[White "Schmidt, Jade"]
[Black "Juergens, Bernhard"]
[Result "1/2-1/2"]
[WhiteElo "2028"]
[BlackElo "2119"]
[PlyCount "45"]
[EventDate "2010.08.20"]
[EventType "tourn"]
[EventRounds "5"]
[EventCountry "GER"]
[SourceDate "2010.08.20"]

1. d4 f5 2. c4 Nf6 3. Nc3 d6 4. Nf3 g6 5. g3 Bg7 6. Bg2 O-O 7. O-O Qe8 8. d5
Na6 9. Nd4 Bd7 10. e4 fxe4 11. Nxe4 Nxe4 12. Bxe4 c6 13. Bg5 Nc7 14. Qd2 e5 15.
dxc6 bxc6 (15... exd4 16. cxd7 Qxe4 17. Rae1 Qf5 18. d8=Q Raxd8 19. Bxd8 Rxd8
20. Re7 Rd7) 16. Nb3 d5 17. cxd5 cxd5 18. Bg2 Rc8 19. Rac1 d4 20. Nc5 Bf5 21.
Ne4 Qd7 22. Nc5 Qd6 23. Ne4 1/2-1/2

[Event "Harburg-ch Gruppe B"]
[Site "Hamburg"]
[Date "2010.08.21"]
[Round "2"]
[White "Schiele, Lars"]
[Black "Ramme, Christoph"]
[Result "0-1"]
[WhiteElo "2043"]
[BlackElo "2062"]
[PlyCount "64"]
[EventDate "2010.08.20"]
[EventType "tourn"]
[EventRounds "5"]
[EventCountry "GER"]
[SourceDate "2010.08.20"]

1. d4 Nf6 2. Nc3 d5 3. Bg5 Bf5 4. f3 c6 5. e4 dxe4 6. Bxf6 gxf6 7. fxe4 Bg6 8.
Nf3 e6 9. Qd2 Qc7 10. Bd3 Nd7 11. O-O O-O-O 12. Rab1 Bd6 13. b4 Bh5 14. b5 Bxf3
15. gxf3 (15. Rxf3 Bxh2+ 16. Kh1 c5 17. b6) 15... Bf4 16. Qe2 Qd6 17. Qf2 c5
18. Ne2 cxd4 19. Nxf4 Qxf4 20. Qxd4 Kb8 21. Qf2 Ne5 22. Rb3 Rhg8+ 23. Kh1 Rg5
24. Be2 Rdg8 25. Rd1 Rh5 (25... Ng4 26. Qg3 (26. Qg1 Ne3 27. Qxe3 Qxh2+ 28.
Kxh2 Rh5#) 26... Qxg3 27. hxg3 Nf2+) 26. Rg1 Ng4 27. Rxg4 Rxg4 28. Bf1 Rgh4 29.
h3 Rxh3+ 30. Bxh3 Rxh3+ 31. Kg1 Qc1+ 32. Kg2 Qh1# 0-1

[Event "Harburg-ch Gruppe B"]
[Site "Hamburg"]
[Date "2010.08.21"]
[Round "2"]
[White "Martin Sommerfeldt, Luis"]
[Black "Kemeny, Matthias"]
[Result "1-0"]
[WhiteElo "2028"]
[BlackElo "2044"]
[PlyCount "115"]
[EventDate "2010.08.20"]
[EventType "tourn"]
[EventRounds "5"]
[EventCountry "GER"]
[SourceDate "2010.08.20"]

1. Nf3 Nf6 2. b3 d5 3. Bb2 c5 4. e3 e6 5. d4 Nc6 6. Nbd2 Be7 7. c4 O-O 8. Bd3
Bd7 9. O-O a5 10. a3 a4 11. cxd5 Nxd5 12. dxc5 axb3 13. Nxb3 Na5 14. Nbd4 h6
15. Ne5 Bxc5 16. Nxd7 Qxd7 17. Bb5 Qe7 18. a4 Rfd8 19. Qg4 Nf6 20. Qf3 Rd5 21.
Rab1 Nd7 22. Bc3 Ne5 23. Qe2 Nac6 24. Nc2 Rad8 25. f4 Ng6 26. Bc4 R5d7 27. Kh1
Nh4 28. g4 Kh7 29. Bb5 Qd6 30. Be1 Ng6 31. h4 f5 32. gxf5 exf5 33. h5 Nge7 34.
Bc4 Qf6 35. Qf3 Nc8 36. Qh3 Qe7 37. Qxf5+ Kh8 38. Qh3 Nd6 39. Be6 Ne4 40. Bxd7
Rxd7 41. Rg1 Nd2 42. Rd1 Qe4+ 43. Rg2 Rd8 44. Rdxd2 Rxd2 45. Bxd2 Qxc2 46. Qc8+
Kh7 47. Qg4 Bf8 48. Qg6+ Qxg6 49. Rxg6 Kg8 50. Bc3 Kf7 51. Kg1 Nd8 52. f5 Nc6
53. e4 Ne7 54. Rb6 Nxf5 55. Rxb7+ Ne7 56. a5 Ke8 57. Bb4 Nc6 58. Bxf8 1-0

[Event "Harburg-ch Gruppe B"]
[Site "Hamburg"]
[Date "2010.08.21"]
[Round "3"]
[White "Kemeny, Matthias"]
[Black "Schmidt, Jade"]
[Result "1-0"]
[WhiteElo "2044"]
[BlackElo "2028"]
[PlyCount "158"]
[EventDate "2010.08.20"]
[EventType "tourn"]
[EventRounds "5"]
[EventCountry "GER"]
[SourceDate "2010.08.20"]

1. e4 c5 2. Nf3 d6 3. d4 cxd4 4. Nxd4 Nf6 5. Nc3 Nc6 6. Be2 e5 7. Nf3 h6 8. O-O
Be7 9. h3 O-O 10. Be3 Be6 11. Nh2 d5 12. exd5 Nxd5 13. Nxd5 Qxd5 14. c4 Qxd1
15. Raxd1 Rfd8 16. b3 Rac8 17. Bf3 b6 18. Rxd8+ Bxd8 19. Rd1 Be7 20. Bd5 Rd8
21. Nf3 Bf6 22. Rc1 Bxd5 23. cxd5 Nd4 24. Rc7 Nb5 25. Rb7 Rxd5 26. a4 Nd4 27.
Nd2 Nc2 28. Nc4 Rd1+ 29. Kh2 Nxe3 30. fxe3 Rb1 31. Rxa7 Rxb3 32. Rb7 Bg5 33.
Rxb6 Rc3 34. Rb8+ Kh7 35. Rc8 (35. Nxe5 Rxe3 36. Ng4) 35... Bxe3 36. a5 Bf4+ (
36... e4 37. Nb6 Bc5 38. a6 Bd6+ 39. Kg1 Ra3) 37. Kg1 Bg3 38. Kf1 Rc2 39. a6 e4
(39... Rf2+ 40. Ke1 Ra2+) 40. a7 e3 (40... Rf2+ 41. Kg1 (41. Ke1 Ra2+ 42. Kd1
Rxa7) 41... Re2 42. Rh8+ Kg6 (42... Kxh8 43. a8=Q+ Kh7 44. Nd2 Re1+ 45. Nf1 e3
46. Qe4+ g6 47. Qc4 Kg8 48. Qc8+ Kg7 49. Qc3+) 43. Ne5+ Kf5 44. Nf3 exf3 45.
gxf3 Kf4 46. a8=Q Re1+ 47. Kg2 Re2+) 41. Rh8+ Kg6 42. Nxe3 Rf2+ 43. Kg1 Ra2 44.
a8=Q Bf2+ 45. Kh2 Rxa8 46. Rxa8 Bxe3 47. Kg3 h5 48. Ra6+ f6 (48... Kh7 49. Kf3
Bd4 50. Ke4 Bb2 51. Ra7 g6 52. Rxf7+ Kg8 53. Rb7 Bf6) 49. Kf3 Bd4 50. Rd6 Be5
51. Rd7 Kh6 52. Ke4 Kg6 53. Rd8 Bc3 54. Kd5 Be5 55. Ke6 Bc3 56. Rd3 Be5 57. Ke7
h4 58. Kf8 f5 59. Ke7 Kg5 60. Ke6 Bb2 61. Rd5 g6 62. Kf7 Kh5 63. Rb5 Bc3 64.
Rb6 g5 65. Rb5 Bd4 66. Rxf5 Be3 67. Ke6 Kg6 68. Rf8 Kg7 69. Rc8 Bf4 70. Kf5 Be3
71. Rc6 Bd2 72. Rg6+ Kh7 73. Rxg5 Kh6 74. Rg6+ Kh5 75. Rg8 Bh6 76. Kf6 Bf4 77.
Rh8+ Bh6 78. Rg8 Bf4 79. Rg4 Be3 1-0

[Event "Harburg-ch Gruppe B"]
[Site "Hamburg"]
[Date "2010.08.21"]
[Round "3"]
[White "Ramme, Christoph"]
[Black "Martin Sommerfeldt, Luis"]
[Result "1/2-1/2"]
[WhiteElo "2062"]
[BlackElo "2028"]
[PlyCount "95"]
[EventDate "2010.08.20"]
[EventType "tourn"]
[EventRounds "5"]
[EventCountry "GER"]
[SourceDate "2010.08.20"]

1. d4 g6 2. c4 Bg7 3. Nc3 d6 4. e4 Nd7 5. Be2 b6 6. f4 Bb7 7. Nf3 e6 8. O-O Ne7
9. Bd3 O-O 10. Bc2 a6 11. f5 e5 12. Bg5 f6 13. Be3 c6 14. Qd2 Qc7 15. Rad1 Rad8
16. Qf2 c5 17. d5 b5 18. g4 b4 19. Ne2 Nb6 20. b3 Bc8 21. Qh4 Rf7 22. Ng3 Bh8
23. Kh1 Rdf8 24. Rg1 g5 25. Qh3 h6 26. Qf1 Bd7 27. Nh5 Nec8 28. Rd2 Be8 29. h4
Rh7 30. Rh2 Qe7 31. Rg3 a5 32. hxg5 hxg5 33. Rgh3 Bxh5 34. Rxh5 Rxh5 35. Rxh5
Rf7 36. Qh3 (36. Bxg5 fxg5 37. Nxg5 Bf6 38. Qh3) 36... Rh7 37. Bd1 Rxh5 38.
Qxh5 Qh7 39. Qxh7+ Kxh7 40. Nxg5+ fxg5 41. Bxg5 a4 42. Bc1 Bf6 43. g5 Bd8 44.
Kg2 Kg7 45. Kg3 a3 46. Kg4 Nd7 47. Kh5 Ncb6 48. Kg4 1/2-1/2

[Event "Harburg-ch Gruppe B"]
[Site "Hamburg"]
[Date "2010.08.21"]
[Round "3"]
[White "Juergens, Bernhard"]
[Black "Schiele, Lars"]
[Result "1/2-1/2"]
[WhiteElo "2119"]
[BlackElo "2043"]
[PlyCount "90"]
[EventDate "2010.08.20"]
[EventType "tourn"]
[EventRounds "5"]
[EventCountry "GER"]
[SourceDate "2010.08.20"]

1. e4 e5 2. Bc4 Nf6 3. Nc3 Bb4 4. f4 d6 5. Nf3 O-O 6. d3 Nc6 7. O-O Na5 8. fxe5
dxe5 9. Nd5 Nxd5 10. Bxd5 c6 11. Bb3 Nxb3 12. axb3 f5 13. exf5 Rxf5 14. Qe2 Qd5
15. Bd2 Bxd2 16. Qxd2 Bd7 17. Qe3 a6 18. Ra4 c5 19. Re4 Re8 20. Re1 Bc6 21. c4
Qd6 22. Rxe5 Rfxe5 23. Nxe5 b6 24. Qg3 Bb7 25. Nf3 Rxe1+ 26. Qxe1 h6 27. Qe5
Qd8 28. Ne1 Kh7 29. Qf5+ Kh8 30. Nc2 Qd6 31. Ne1 Qd4+ 32. Qf2 Qd6 33. Qe3 Qf6
34. Qf2 Qd6 35. Qe3 Qf6 36. Qe2 Qd4+ 37. Kf1 Qf4+ 38. Nf3 Bxf3 39. gxf3 Qc1+
40. Kf2 Kg8 41. d4 cxd4 42. Qe8+ Kh7 43. Qe4+ Kh8 44. Qe8+ Kh7 45. Qe4+ Kh8
1/2-1/2